Fyodor Dostoevsky Bibliography - Statistics

General Stats
  • This quiz has been taken 311 times
  • The average score is 8 of 275
Answer Stats
Type Year Name % Correct
Novel 1866 Crime and Punishment
95%
Novel 1869 The Idiot
86%
Novel 1880 The Brothers Karamazov
85%
Novella 1864 Notes from Underground
69%
Novel 1872 Demons
65%
Novella 1867 The Gambler
51%
Short Story 1848 White Nights
51%
Novel 1846 Poor Folk
40%
Novella 1846 The Double
36%
Novel 1861 The House of the Dead
32%
Novel 1875 The Raw Youth
20%
Novel 1861 Humiliated and Insulted
12%
Short Story 1876 A Gentle Creature
11%
Short Story 1865 The Crocodile
10%
Novella 1869 The Eternal Husband
10%
Short Story 1873 Bobok
8%
Novel 1849 Netochka Nezvanova
8%
Essay | Short Story 1877 The Dream of a Ridiculous Man
8%
Novella 1847 The Landlady
8%
Novel 1859 The Village of Stepanchikovo
7%
Novella 1859 Uncle's Dream
7%
Short Story 1848 An Honest Thief
5%
Writings Collection 1873-1881 A Writer's Diary
5%
Short Story 1846 Mr. Prokharchin
5%
Short Story 1848 A Weak Heart
4%
Short Story 1848 A Christmas Tree and a Wedding
3%
Short Story 1848 A Jealous Husband
3%
Short Story 1849 A Little Hero
3%
Short Story 1862 A Nasty Story
3%
Short Story 1848 Another Man's Wife
3%
Short Story 1847 Novel in Nine Letters
3%
Short Story 1848 Polzunkov
3%
Short Story 1876 The Heavenly Christmas Tree
3%
Epigram 1864 An Epigram About a Bavarian Colonel
2%
Short Story 1848 Another Man's Wife and a Husband Under the Bed
2%
Almanac ???? A Number of Articles About Russian Literature
2%
Essay 1873 Apropos of the Exhibition
2%
Limerick 1876-1877 Children Are Dear
2%
Limerick 1879 Do Not Steal, Fedul...
2%
Poem 1869 Do You, Brother, Have Any Conscience...
2%
Essay 1873 Dreams and Musings
2%
Essay 1873 Environment
2%
Pamphlet 1864-1873 Fighting Nihilism with Honesty (an Officer and a Female Nihilist)
2%
Poem 1867-1868 I Asked My Wife for Soap...
2%
Essay 1873 Old People
2%
Almanac ???? Peterburgian Chronicles
2%
Almanac 1845 Prankster
2%
Poem 1868 She's All in Tears of Indignation...
2%
Essay 1873 Something Personal
2%
Poem 1864 Tell Me, Why Did You Ravage It So...
2%
Poem 1876 The Crash of Baymakov's Enterprise...
2%
Essay 1873 Vlas
2%
Poem 1869 We've Been Living in Poverty for Two Generations...
2%
Essay 1873 A Half-Letter from 'A Certain Person'
1%
Essay 1873 An Impersonator
1%
Essay 1873 Apropos of a New Play
1%
Essay 1873 A Troubled Countenance
1%
Epigram 1873 Describing Nothing But the Priests
1%
Essay 1873 One of Today's Falsehoods
1%
Essay 1876 Outmoded People
1%
Essay 1873 Something About Lying
1%
Essay 1873 To a Teacher
1%
Essay 1877 War. We Are Stronger Than the Others
1%
Essay 1876 A Belated Moral
0%
Essay 1876 About Women Again
0%
Essay 1876 A Case That Is Not as Simple as It Seems
0%
Essay 1876 A Colony of Young Offenders. Dark Individuals. The Transformation of Blemished Souls into Immaculate Ones. Measures Acknowledged as Most Expedient Thereto. Little and Bold Friends of Mankind
0%
Essay 1877 A Conciliatory Dream Beyond the Scope of Science
0%
Essay 1877 A Conversation with Moscow Acquaintance. A Note Apropos of a New Booklet
0%
Essay 1877 A Curious Character
0%
Essay 1876 A Democratic Spirit, for Certain. Women
0%
Essay 1876 A Dreadful Recollection
0%
Essay 1876 A Dream of Pride
0%
Essay 1876 A Few Remarks About Simplicity and Simplification
0%
Essay 1876 A Few Words About Young People
0%
Essay 1876 A Future Novel. Another 'Accidental Family'
0%
Essay 1876 A Hundred-Year-Old Woman
0%
Essay 1877 A Landowner Who Gets Faith in God from a Peasant
0%
Essay 1880 Aleko and Derzhimorda. Aleko's Sufferings for a Peasant Serf. Anecdotes
0%
Essay 1877 A Lie Is Saved by a Lie
0%
Essay 1877 Am I an Enemy of Children? On What the Word 'Happy' Sometimes Means
0%
Essay 1877 An Anonymous Abusive Letter
0%
Essay 1877 An Answer to a Letter
0%
Essay 1876 A New Phrase in the Eastern Question
0%
Essay 1876 A New Regional Voice
0%
Essay 1876 An Expired Force and the Forces of the Future
0%
Essay 1876 An Explanation Regarding My Participation in the Forthcoming Publication of the Magazine Light
0%
Essay 1877 An Imaginary Speech by the Presiding Judge
0%
Essay 1877 An Intimidation of the Future Educated Russian Man. The Certain Lot of the Future Russian Woman
0%
Essay 1877 An Isolated Case
0%
Essay 1877 Anna Karenina as a Fact of Special Importance
0%
Essay 1876 An Odd Summer for Russia
0%
Essay 1877 An Old, Customary Military Rule
0%
Essay 1877 An Old Story About the Petrashevsky Circle
0%
Essay 1876 A Paradoxicalist
0%
Essay 1877 A Plan for a Satirical Novel of Contemporary Life
0%
Essay 1876 A Proposal of Marriage
0%
Essay 1877 A Rather Unpleasant Secret
0%
Essay 1876 A Short Comment on 'Pondering Peter'
0%
Essay 1876 A Story from the Lives of Children
0%
Essay 1876 A Turkish Proverb
0%
Essay 1876 Author's Introduction
0%
Essay 1877 A Witness in Nekrasov's Favor
0%
Essay 1881 A Witty Bureaucrat. His Opinion of Our Liberals and Europeans
0%
Essay 1876 A Word Apropos of My Biography
0%
Essay 1876 A Word or Two About the Report of the Scholarly Commission on Spiritualistic Phenomena
0%
Essay 1877 Both Angry and Strong
0%
Essay 1877 But Long Live Brotherhood!
0%
Essay 1881 Can We Expect European Finances in Russia?
0%
Essay 1876 Cherniaev
0%
Essay 1876 Children's Secrets
0%
Essay 1877 Confessions of a Slavophile
0%
Essay 1876 Confusion and Inaccuracy in the Points at Issue
0%
Essay 1876 Continuation of the Preceding
0%
Essay 1876 Deduction from My Paradox
0%
Essay 1877 Diplomacy Facing World Problems
0%
Essay 1876 Dissociation
0%
Essay 1877 Dissociation Again. Part Eight of Anna Karenina
0%
Essay 1877 Distortions and Manipulation of the Evidence - These Cost Us Nothing
0%
Essay 1877 Does Shed Blood Save Us?
0%
Essay 1876 Don Carlos and Sir Watkin. More Signs of 'The Beginning of the End'
0%
Essay 1876 Dressing Gowns and Soup
0%
Essay 1877 Editor's Note
0%
Essay 1880 Explanatory Note Concerning the Speech on Pushkin Printed Below
0%
Essay 1876 Fears and Apprehensions
0%
Essay 1881 Finances. A Citizen as an Offended Thersites. Crowning from Below and the Musicians. A Refuge for Windbags and the Windbags
0%
Essay 1877 Foma Danilov. A Russian Hero Tortured to Death
0%
Essay 1881 Forget Immediate Problems So That the Roots Can Be Restored. Through Lack of Ability I Enter into Something Spiritual
0%
Essay 1877 Former Farmers - Future Diplomats
0%
Essay 1876 From a Private Letter
0%
Essay 1877 From the Book of Predictions of Johann Lichtenberger, 1528
0%
Essay 1881 Geok-Tepe. What Does Asia Mean to Us?
0%
Essay 1876 Going Abroad. Something About Russians in Railway Carriages
0%
Essay 1877 Golden Tailcoats. Straight-Line People
0%
Essay 1877 Hartung's Suicide and Our Eternal Question: Who Is to Blame?
0%
Essay 1877 Home-Grown Giants and a Humiliated Son of a Mountain Village. An Anecdote About Skin Flayed from the Back. The Higher Interests of Civilization, and 'May They Be Damned If They Must Be Purchased at Such a Price!
0%
Essay 1876 How True Is the Notion That 'The Ideals May Be Base So Long as the Reality is Good?
0%
Essay 1876 Idealist-Cynics
0%
Essay 1876 In Place of a Foreword. On the Great and Small Bears, on Great Goethe's Prayer, and, Generally, on Bad Habits
0%
Essay 1876 Isolated Phenomena
0%
Essay 1876 I Understand All Too Well
0%
Essay 1876 I Was Only Five Minutes Late
0%
Essay 1876 Just a Bit More Spiritualism
0%
Essay 1876 Kifomokievism
0%
Essay 1881 Krylov's Fable About a Certain Pig
0%
Essay 1881 Let Them Speak First, and for the Moment Let Us Stand Aside Simply to Acquire Some Good Sense
0%
Essay 1877 Levin's Agitation. A Question: Does Distance Have an Influence on Love for Humanity? Can One Agree with the Opinion of One Turkish Prisoner on the Humaneness of Some of Our Ladies? So What, Then, Are Our Teachers Teaching Us?
0%
Essay 1877 Lies are Indispensable for Truth. A Lie Times a Lie Equals Truth. Is That True?
0%
Essay 1873 Little Pictures
0%
Essay 1876 Lord Radstock
0%
Essay 1877 Malicious Psychologists. Obstetrician-Psychiatrists
0%
Essay 1877 Metternichts and Don Quixotes
0%
Essay 1876 Minor Cultural Types. Damaged People
0%
Essay 1877 Mirages. Stuckism and the Radstockists
0%
Essay 1876 More About a Case That Is Not as Simple as It Seems
0%
Essay 1876 Mr. Spasovich's Speech. Clever Tactics
0%
Essay 1876 Musings About Europe
0%
Essay 1876 My Paradox
0%
Essay 1877 Never Has Russia Been as Powerful as Now - A Nondiplomatic Judgement
0%
Essay 1877 Old Poland's Summer Attempt at Reconciliation
0%
Essay 1876 On Behalf of One Deceased
0%
Essay 1877 Once More, for the Last Time, Some 'Soothsayings'
0%
Essay 1877 On Chris Copping to Complete the Woodwind Generally and Various Aberrations in Particular. Hatred of Authority with Toadyism of Thought
0%
Essay 1877 One Brilliantly Suspicious Man
0%
Essay 1876 One Inappropriate Thought
0%
Essay 1877 One Incident That Explains a Good Deal, in My View
0%
Essay 1877 One More on the Subject That, Sooner or Later, Constantinople Must Be Ours
0%
Essay 1877 One of Today's Most Important Questions
0%
Essay 1876 One on Whom Modern Woman Has Shown Favor?
0%
Essay 1876 On Love of the People. An Essential Contract with the People
0%
Essay 1880 On One Most Basic Point
0%
Essay 1876 On Suicide and Arrogance
0%
Essay 1876 On the Fact That We Are All Good People. How Russian Society Resembles Marshal McMahon
0%
Essay 1876 On the Pugnacity of the Germans
0%
Essay 1876 On the Same Topic
0%
Essay 1877 On the Uneducated and Illiterate Russian People's Unerring Knowledge of the Real Essence of the Eastern Question
0%
Essay 1876 On Yuri Samarin
0%
Essay 1876 Piccola Bestia
0%
Essay 1876 Plans and More Plans
0%
Essay 1876 Postscript
0%
Essay 1877 Pro and Contra
0%
Essay 1880 Pushkin (A Sketch)
0%
Essay 1877 Pushkin, Lermontov, and Nekrasov
0%
Essay 1881 Questions and Answers
0%
Essay 1877 Roman Clericals Here in Russia
0%
Essay 1877 Rumours of Peace. 'Constantinople Must Be Ours' - Is That Possible? Various Opinions
0%
Essay 1876 Russian or French?
0%
Essay 1877 Russian Satire. Virgin Soil. Last Songs. Old Reminiscences
0%
Essay 1876 Schemes and More Schemes
0%
Essay 1877 Self-Appointed Prophets and Lame Coopers Who Continue to Manufacture the Moon on Gorokhovaia Street. One of Russia's Least-Known Great Men
0%
Essay 1877 Servility or Good Manners?
0%
Essay 1876 Should One Be Ashamed of Being an Idealist?
0%
Essay 1877 Slugs Taken for Human Beings. Which Is Better: When People Know the Truth about Us or When They Talk Nonsense About Us?
0%
Essay 1877 Some Quite Special Remarks About the Slavs That I Intended to Make Long Ago
0%
Essay 1876 Something About a Certain Building. Some Appropriate Thoughts
0%
Essay 1876 Something on Petersburg Baden-Badenism
0%
Essay 1876 Something on Political Questions
0%
Essay 1876 Spiritualism. Something About Devils. The Extraordinary Cleverness of Devils, If Only These Are Devils
0%
Essay 1877 Status in Statu. Forty Centuries of Existence
0%
Essay 1876 Suddenly the Shroud Fell Away
0%
Essay 1880 Taking Advantage of an Opportunity. Four Lectures on Various Topics Apropos of One Lecture Given to Me by Mr. A. Gradovsky. With an Address to Mr. Gradovsky
0%
Essay 1877 That's It, Yet It Isn't It. A Reference to What I Wrote Three Months Ago
0%
Essay 1876 The Beneficent Swiss Who Liberates a Russian Peasant
0%
Essay 1876 The Berries
0%
Essay 1876 The Best People
0%
Essay 1877 The Black Army. The Opinions of the Legions as a New Element of Civilization
0%
Essay 1876 The Boy at Christ's Christmas Party
0%
Essay 1877 The Boy Celebrating His Saint's Day
0%
Essay 1876 The Boy with His Hand Out
0%
Essay 1877 The Case of the Dzhunkovsky Parents and Their Children
0%
Essay 1876 The Christmas Party at the Artists' Club. Children Who Think and Who Are Helped Along. A 'Gluttonous Boy.' 'Oui' Girls. Jostling Raw Youths. A Moscow Captain in a Hurry
0%
Essay 1877 The Concluding Explanation of an Old Fact
0%
Essay 1876 The Court and Mrs. Kairova
0%
Essay 1876 The Death of George Sand
0%
Essay 1877 The Death of Nekrasov. On What Was Said at His Grave
0%
Essay 1877 The Defendant Kornilova Is Freed
0%
Essay 1876 The Defense Attorney and Velikanova
0%
Essay 1876 The Eastern Question
0%
Essay 1877 The Escapade of The Stock-Exchange News. Not Ready Pens, Malicious Ones
0%
Essay 1877 The Excerpt
0%
Essay 1876 The Family and Our Secret Ideals. A Concluding Note About a Certain Modern School
0%
Essay 1881 The First Root. Instead of an Authoritative Financial Tone I Lapse into Old Words. The Broad Ocean. The Longing for Truth and the Necessity for Serenity, So Useful in Financial Matters
0%
Essay 1877 The Funeral of 'The Universal Man'
0%
Essay 1876 The Germans and Labor. Inexplicable Tricks. On Wit
0%
Essay 1877 The German World Problem. Germany - A Protesting Country
0%
Essay 1876 The Golden Age in Your Pocket
0%
Essay 1877 The History of the Verb 'Stushevatsia'
0%
Essay 1877 The Hunger for Rumours and for 'What They Are Telling Us.' The Expression 'They Aren't Telling Us' May Have a Future, and So Some Advance Measures Should Be Taken. More About the Accidental Family
0%
Essay 1876 The Ideals of a Stagnant, Vegetative Life. Kulaks and Bloodsuckers. Superior People Who Drive Russia Forward
0%
Essay 1877 The Irritability of Vanity
0%
Essay 1877 The Issue of the Day
0%
Essay 1877 The Issue of the Day in Europe
0%
Essay 1877 The Jewish Question
0%
Essay 1876 The Land and Children
0%
Essay 1876 The Meek One Rebels
0%
Essay 1877 The Moment Must Be Seized
0%
Essay 1877 The Most Appropriate Thoughts for the Present Time
0%
Essay 1877 The Most Enormous Military Errors May Sometimes Not Be Errors At All
0%
Essay 1877 The Most Extreme Case of Servility There Could Be
0%
Essay 1876 The Noblest of Man, But I Don't Believe It Myself
0%
Essay 1877 The Opinion of the 'Most Serene' Tsar on the Eastern Question
0%
Essay 1876 The Pillars of Hercules
0%
Essay 1877 The Russian Gentleman. A Gentleman Cannot But Remain a Gentleman to the End
0%
Essay 1877 The Russian People Have Completely Matured to a Sane Conception of the Eastern Question from Their Own Standpoint
0%
Essay 1876 The Russian Society for the Protection of Animals. The Government Courier. Demon-Vodka. The Itch for Debauch and Vorobev. From the End or from the Beginning?
0%
Essay 1877 The Russian Solution to the Problem
0%
Essay 1877 The Same Rule, Only in a New Guise
0%
Essay 1876 The Sentence
0%
Essay 1877 The Unfortunate and Unsuccessful
0%
Essay 1876 The Utopian Conception of History
0%
Essay 1876 The Very Last Words of Civilization
0%
Essay 1877 Those Who Love the Turks
0%
Essay 1877 Three Ideas
0%
Essay 1877 To My Readers
0%
Essay 1880 To One - 'Humble Thyself'; To Another - 'Exalt Thyself.' A Tempest in a Teapot
0%
Essay 1877 To Our Correspondents
0%
Essay 1877 To the Reader
0%
Essay 1877 To the Readers
0%
Essay 1877 Tout ce qui n'est pas expressément permit et défendu
0%
Essay 1880 Two Halves
0%
Essay 1876 Two Suicides
0%
Essay 1876 Unsubstantiated Statements
0%
Essay 1877 War Is Not Always a Scourge; Sometimes It Is Salvation
0%
Essay 1877 We Are But Useless Wretches in Europe
0%
Essay 1877 We Have Only Stumbled Over a New Fact, But There Was No Error. Two Armies, Two Opposites. The Actual State of Affairs
0%
Essay 1877 What Austria Is Now Thinking About
0%
Essay 1877 What Does the Word 'Striutsky' Mean?
0%
Essay 1876 What Effects the Cure When Taking the Waters: The Water or the Bon Ton?
0%
Essay 1876 What Language Should a Future Person of Consequence Speak?
0%
Essay 1876 Where Does the Matter Stand at the Moment?
0%
Essay 1877 Who's Knocking at the Door? Who Will Come In? Inescapable Fate
0%
Essay 1876 Who Was I and Who Was She?
0%
Essay 1876 Words, Words, Words!
0%
No matching quizzes found
Score Distribution
Percent of People with Each Score
Percentile by Number Answered
Your Score History
You have not taken this quiz